Akungba journal of linguistics and literatures (Record no. 38067)

MARC details
000 -LEADER
fixed length control field 00517nam a2200169Ia 4500
022 ## - INTERNATIONAL STANDARD SERIAL NUMBER
ISSN 21415420
050 ## - CALL MARK
Classification number PL 8021 .N5 A36/
245 #0 - TITLE STATEMENT
Title Akungba journal of linguistics and literatures
260 ## - PUBLICATION, DISTRIBUTION, ETC. (IMPRINT)
Place of publication Akungba-Asoko
260 ## - PUBLICATION, DISTRIBUTION, ETC. (IMPRINT)
Name of publisher Àkùngbá Àkókó, Nigeria : Dept. of Linguistics and Languages, Adekunle Ajasin University
260 ## - PUBLICATION, DISTRIBUTION, ETC. (IMPRINT)
Year of publication 2011
300 ## - PHYSICAL DESCRIPTION
Number of Pages 78p. ; 27 cm.
650 ## - SUBJECT ADDED ENTRY--TOPICAL TERM
Topical Term Nigerian philology--Periodicals.
942 ## - ADDED ENTRY ELEMENTS (KOHA)
Koha item type Serials

No items available.